|
|
|
|
| LEADER |
00000cas a2200000 a 4500 |
| 001 |
vtls010302471 |
| 003 |
SK-MaSNL |
| 005 |
20260228162846.0 |
| 008 |
110810d19521952xo br|p 0 b0slo |
| 040 |
|
|
|a SNK
|b slo
|c SNK
|e AACR2
|
| 041 |
0 |
|
|a slo
|
| 044 |
|
|
|a xo
|c SK
|
| 072 |
|
7 |
|a 638.1
|x Chov včiel. Včelárstvo
|2 konspekt
|
| 080 |
|
|
|a 638.1
|2 2001
|
| 080 |
|
|
|a 631/636
|2 2001
|
| 080 |
|
|
|a 050
|2 2001
|
| 245 |
0 |
0 |
|a Včelárstvo
|b časopis Jednoty včelárov na Slovensku
|
| 260 |
|
|
|a Bratislava
|b Oráč
|c 1952-1952
|
| 300 |
|
|
|a 1 zv.
|c 30 x 21 cm
|
| 310 |
|
|
|a 2x mesačne
|
| 362 |
0 |
|
|a Roč. XXX, č. 1 (1952)-č. 6 (aug.-sept. 1952)
|
| 500 |
|
|
|a Zmena podnázvu od č. 5/(jún-júl 1952): časopis včelárov na Slovensku
|
| 500 |
|
|
|a Maj. a vyd. Jednota slovenských včelárov v Bratislave, vyd. Oráč, roľnícke nakladateľstvo a vydavateľstvo, od č. 5/(jún-júl 1952) Povereníctvo pôdohospodárstva v nakl. Oráč, Bratislava
|
| 500 |
|
|
|a Tlač. Západoslov. tlačiarne, n. p., záv. v Prievidzi, od 5/XXX (jún-júl 1952) záv. v Bratislave
|
| 500 |
|
|
|a Nadviazal na čas. Slovenský včelár. Od r. 1956 vychádzal iba celoštátny čas. Včelařství v Prahe a od r. 1957 pokračoval pod názvom Včelár
|
| 650 |
0 |
7 |
|a poľnohospodárstvo
|2 SNKPH
|9 679
|
| 650 |
0 |
7 |
|a včelárstvo
|2 SNKPH
|9 3997
|
| 655 |
|
7 |
|a odborné časopisy
|2 SNKPH
|9 70505
|
| 780 |
0 |
0 |
|t Slovenský včelár
|w vtls010302201
|
| 785 |
0 |
0 |
|t Včelár
|x 0139-6064
|w vtls001467862
|
| 910 |
|
|
|a snk
|
| 916 |
|
|
|a 1952
|
| 999 |
|
|
|c 8451
|d 10381
|
| 952 |
|
|
|0 0
|1 0
|4 0
|7 0
|a SNK
|b SNK
|d 2005-03-03
|i snkČSF 74/56
|l 0
|o snkČSC 154/30/1952 D1
|p 17A0459519
|r 2026-02-21 21:10:46
|t č. 1-7, neúplné
|w 2026-02-21
|y PREZ
|z chýba č. 7
|
| 952 |
|
|
|0 0
|1 0
|4 0
|7 0
|a SNK
|b SNK
|d 1999-01-07
|f 1
|i snk 1308/54
|l 0
|o snkČSC 154/30/1952
|p 17A0096503
|r 2005-01-02 00:00:00
|t č. 1-7
|w 2026-02-21
|y PREZ
|